000 01131nam a2200289Ia 4500
003 OSt
005 20221005103656.0
006 a|||||r|||| 00| 0
007 ta
008 221004b |||||||| |||| 00| 0 hin d
020 _a9789383962808 (hbk)
_cINR 600.00
024 _a37172
037 _b58, 16/02/2018, Mallika Books
_cTextual
040 _aCRL
_cCRL
_bhin
041 _2hin
_ahin
082 _aO152,1:g(Y5927), Q7
100 _aशर्मा, श्यामबाबू, ले.
245 0 _aदलित हिन्दी कविता का वैचारिक पक्ष
246 _aDalit hindī kavitā kā vaichārik pakṣha
260 _aदिल्ली
_bअनुज्ञा बुक्स भारत
_c2017
300 _a200पृ0
_ccm.
650 _a दलित साहित्य
650 _a हिन्दी साहित्य
650 _aहिन्दी कविता
942 _hO152,1:g(Y5927), Q7
_cTEXL
_2cc
999 _c1010590
_d1010590